The theory-practice issue in policy implementation research (Record no. 61204)

000 -LEADER
fixed length control field 00360pab a2200133 454500
008 - FIXED-LENGTH DATA ELEMENTS--GENERAL INFORMATION
fixed length control field 180718b2004 xxu||||| |||| 00| 0 eng d
100 ## - MAIN ENTRY--PERSONAL NAME
Personal name Otoole, Laurence J. Jr.
245 ## - TITLE STATEMENT
Title The theory-practice issue in policy implementation research
260 ## - PUBLICATION, DISTRIBUTION, ETC.
Date of publication, distribution, etc. 2004
300 ## - PHYSICAL DESCRIPTION
Extent p.309-29.
650 ## - SUBJECT ADDED ENTRY--TOPICAL TERM
Topical term or geographic name entry element Public policy
773 ## - HOST ITEM ENTRY
Main entry heading Public Administration
909 ## -
-- 61204
Holdings
Withdrawn status Lost status Damaged status Not for loan Permanent Location Current Location Date acquired Serial Enumeration / chronology Barcode Date last seen Price effective from Koha item type
        Indian Institute of Public Administration Indian Institute of Public Administration 2018-07-19 Volume no: 82, Issue no: 2 AR61650 2018-07-19 2018-07-19 Articles

Powered by Koha